飲膳札記

資料類型: Book 圖書   書目號:37670

Leader xxxxxxxxxx
001 __ PCLIS00037670
005 __ 20230410162720.0
010 0_ |a957-674-192-0|b平裝|dNT$180
100 __ |a20070414e20051999m  y0chiy09      e
101 0_ |achi
102 __ |atw
105 __ |ay   z   000cy
200 1_ |a飲膳札記|f林文月著
205 __ |a初版十二印
210 __ |a臺北市|c洪範書店|d1999[民88]|h2005[民94]
215 0_ |a2, 164面|d21公分
225 2_ |a洪範文學叢書|v285
306 __ |a2005年12印
320 __ |a附錄: 生活其實可以如此美好
410 _0 |12001 |a洪範文學叢書|v285
681 __ |a855|b8766
681 __ |a855|b4407
700 _1 |a|b文月|1933-  |4801 _0 |atw|b內湖高中|c20070414|gCCR
801 _2 |atw|b內湖高中|c20211115|gCCR
詳細館藏(共 1 筆)
索 書 號登 錄 號冊次號館別 / 館藏地流通類型狀態加入預約清單電子資源
855 / 8766 1015880  圖書館 / 一樓普通區 可外借30天 在館   

| 條列資料




目錄查詢 分類查詢 個人資料 圖書薦購 新書查詢 閉館日 排行榜 更多電子資源 Hami書城 線上資料庫 登出

From : 216.73.216.116

  本日流通累計至 22:56:35 借閱 : 9 次 續借 : 0 次 歸還 : 10 次 預約 : 0 次 電子資源 : 0 次


內湖高中圖書館  PCLIS 版本  25.5.0.2